El mundo de las auditorías de los sistemas de gestión antisoborno /

Bibliographic Details
Main Author: Caballero, David, 1983- (Author)
Format: Electronic eBook
Language:Spanish
Published: Lima, Perú : Editorial UPC, [2024]
Edition:Primera edición.
Subjects:
Online Access:Digitalia Hispánica

MARC

LEADER 00000nam a2200000 i 4500
001 DIGUPERCA0147
003 NyNyDIG
007 cr |||||||||||
008 250501s2024 pe ob 000 0 spa d
006 m o d
035 |a (OCoLC)1477171287 
040 |a DGITA  |b eng  |e rda  |e pn  |c DGITA 
020 |a 9786123185329  |q eBook  |q pdf 
020 |a 9786123185312  |q eBook  |q ePub 
020 |z 9786123185305 
024 7 |a 10.19083/978-612-318-531-2  |2 doi 
050 1 4 |a HV6768 ebook 
100 1 |a Caballero, David,  |d 1983-  |e author. 
245 1 3 |a El mundo de las auditorías de los sistemas de gestión antisoborno /  |c David Caballero. 
250 |a Primera edición. 
250 |a Versión e-book. 
264 1 |a Lima, Perú :  |b Editorial UPC,  |c [2024] 
300 |a 1 online resource. 
336 |a text  |b txt  |2 rdacontent 
337 |a computer  |b c  |2 rdamedia 
338 |a online resource  |b cr  |2 rdacarrier 
347 |a text file  |2 rdaft 
347 |b PDF 
347 |b EPUB 
504 |a Includes bibliographical references. 
588 0 |a Online resource; title from ePub title page (Digitalia, viewed May 1, 2025) 
650 0 |a Bribery  |x Prevention  |x Standards. 
650 0 |a Auditing, Internal. 
650 0 |a Corporations  |x Corrupt practices  |x Prevention  |x Standards. 
791 2 |a Digitalia (Firm),  |e distributor. 
793 0 |g Digitalia eBook Collection:  |a Universidad Peruana de Ciencias Aplicadas 
776 0 8 |i Print version:  |a Caballero, David, 1983-  |t Mundo de las auditorías de los sistemas de gestión antisoborno.  |b Primera edición.  |d Lima, Perú : Editorial UPC, [2024]  |z 9786123185305 
856 4 0 |3 Digitalia Hispánica  |u https://www.digitaliapublishing.com/a/160935/ 
910 |a Premium collection: 2025